000 01471nam0a22002771 4500
001 rc\3775528
005 20260405060004.0
021 _aRU
_b75-РК-362/19
021 _aRU
_bРг3540-75
035 _a(NLR Aleph) 007223239
090 _a7704194
_c7704194
100 _a20120127d1975 |||y0rusy50 ca
101 0 _arus
102 _aRU
_aCH
105 _aa z |||||
200 1 _aДепрессии
_eВопросы клиники, психопатологии, терапии
_eДокл., представл. на симпозиуме, проходившем 10-12 сент. 1970 г. в г. Москве
_fПод ред. проф. Э.Я. Штернберга и докт. мед. наук А.Б. Смулевича
_gУпр. по внедрению новых лекарств. средств и мед. техники МЗ СССР. Москва. Фармац. фирма СИБА-ГЕЙГИ Базель, Швейцария. Ин-т психотерапии АМН СССР. Москва
210 _aМосква
_aБазель
_cБ. и.
_d[1975]
215 _a[2], 168 с.
_cил.
_d24
320 _aБиблиогр. в конце докл.
702 1 _aШтернберг
_bЭ.Я.
_gЭрих Яковлевич
_4340
702 1 _4340
_8rus
_7ca
_aСмулевич
_bА. Б.
_f1931-
_gАнатолий Болеславович
_3RU\NLR\AUTH\7719388
_92460
801 0 _aRU
_bNLR
_gpsbo
801 1 _aRU
_bELAR
_2rusmarc
852 _aNLR
_j74-7/1250
942 _cBOOK
980 _aNB